000 00627nam a2200277Ia 4500
005 20260324145612.0
008 008 260324s9999 xx 000 0 eng d
020 _a9781315089621
037 _aEBOOK
040 _aCRL
040 _beng
040 _cCRL
041 _2eng
041 _aeng
084 _qCRL
100 _aH. Yuan Tien
_91223540
245 0 _aPopulation Theory in China
260 _bTaylor and Francis
260 _c1980
365 _a
365 _b180
856 _uhttp://www.taylorfrancis.com/books/9781315089621
942 _cEBOOK
999 _c1831674
_d1831674